China vuelve su mirada a América Latina

שמור ב:
מידע ביבליוגרפי
פורמט: Texto
תגים: הוספת תג
אין תגיות, היה/י הראשונ/ה לתייג את הרשומה!

MARC

LEADER 00000 a a2200000 04500
001 41193
003
040
245 |a China vuelve su mirada a América Latina  
773 |g volumen10, número4 ( , 2009), páginas 11  
999 |c 39979  |d 39979